Chiquillos / (Record no. 139231)

MARC details
000 -LEADER
campo de control de longitud fija 00999nam a2200241 4500
001 - NÚMERO DE CONTROL
campo de control 139231
003 - IDENTIFICADOR DE NÚMERO DE CONTROL
campo de control ES-MaACL
005 - FECHA Y HORA DE LA ÚLTIMA TRANSACCIÓN
campo de control 20250401173121.0
007 - CAMPO FIJO DE DESCRIPCIÓN FÍSICA--INFORMACIÓN GENERAL
campo de control de longitud fija t|
008 - DATOS DE LONGITUD FIJA--INFORMACIÓN GENERAL
campo de control de longitud fija 070214s1946 sp r ||||1| spa d
100 1# - ENTRADA PRINCIPAL--NOMBRE DE PERSONA
Nombre de persona Saroyan, William.
9 (RLIN) 103843
245 10 - MENCIÓN DEL TÍTULO
Título Chiquillos /
Mención de responsabilidad, etc. William Saroyan ; traducción del inglés por Luis Landínez.
250 ## - MENCION DE EDICION
Mención de edición 1ª. ed.
260 ## - PUBLICACIÓN, DISTRIBUCIÓN, ETC.
Lugar de publicación, distribución, etc. Barcelona :
Nombre del editor, distribuidor, etc. Lauro,
Fecha de publicación, distribución, etc. 1946.
300 ## - DESCRIPCIÓN FÍSICA
Extensión 224 p. :
Otras características físicas il. ;
Dimensiones 20 cm.
510 ## - NOTA DE CITAS O REFERENCIAS BIBLIOGRÁFICAS
Nombre de la fuente CCPB,
Localización dentro de la fuente 000840904-8.
655 #7 - TERMINO DE INDIZACIÓN--GENERO/FORMA
Fuente del término tgfbne
9 (RLIN) 226829
Datos o término principal de género/forma Cuentos
700 1# - ENTRADA AGREGADA--NOMBRE PERSONAL
Nombre de persona Landínez, Luis.
9 (RLIN) 69957
852 ## - LOCALIZACIÓN
Ubicación ES-MaACL
Número de control de estantería D-6249
Sublocalización o colección R.29295
-- R.M.5844
itemnumber 144271
Ubicación en estantería Sala Valle Inclán
Marcas de propiedad Sello en tinta azul de la Biblioteca del Ateneo de Madrid.
Anotaciones manuscritas Anotación manuscrita a lápiz en hoja de guarda posterior: "6825".
Encuadernación Encuadernación en tela verde con decoración en dorado.
942 ## - ELEMENTOS DE ENTRADA SECUNDARIOS (KOHA)
Fuente del sistema de clasificación o colocación Clasificación decimal universal
Holdings
Estatus retirado Estado de pérdida Fuente del sistema de clasificación o colocación Estado de daño No para préstamo Biblioteca de origen Biblioteca actual Ubicación en estantería Fecha de adquisición Total de préstamos Signatura topográfica completa Código de barras Visto por última vez Precio de reemplazo Tipo de ítem Koha
    Clasificación decimal universal     Biblioteca del Ateneo de Madrid Biblioteca del Ateneo de Madrid Sala Valle Inclán 17/01/2008   D-6249 101229781 23/02/2023 23/02/2023 Libro impreso